000 01053nam a22002897a 4500
001 5519
003 FISKH
005 20241216123316.0
008 241216b cb ||||| |||| 00| 0 eng d
020 _a9780545080804
040 _aFISKH
_beng
_cFISKH
_dFISKH
050 _aQL100.W47
082 _a591.53
100 _aWest, Tracey
245 _aPlanet earth :
_banimals and their prey /
_cby Tracey West
250 _aFirst printing, September 2008
260 _aNew York :
_bScholastic ;
_c1996 .
300 _a46 pages :
_billustrations ;
_c26 cm .
505 _aS
520 _a"Get up close with some of the earth's wildest and most deadly predators. Planet Earth takes you to never-before-seen places to glimpse some of the world's most dangerous -- and unusual -- creatures. Get ready for a wild ride with Planet Earth"--Back cover.
521 8 _a790
_bLexile estimate
521 8 _aS
_bRaz-Plus
650 _ainformational
_vNon-fiction
700 _aMassen, Michael
_eDesigner
942 _2ddc
_cBK
_n0
999 _c5519
_d5519